|
|
|
|
| LEADER |
00000cam a2200000 a 4500 |
| 001 |
UCD6989 |
| 003 |
CL-VaPUC |
| 008 |
170303e20050000mx |||||||||||||||||spa|d |
| 020 |
|
|
|a 968186378X
|
| 082 |
0 |
4 |
|a 658.45
|b LIB
|2 21
|
| 100 |
0 |
|
|a Libaert, Thierry
|e author
|9 590910
|
| 245 |
1 |
3 |
|a El plan de comunicación organizacional: cómo definir y organizar la estrategia de comunicación
|
| 250 |
|
|
|a 1a. ed
|
| 300 |
|
|
|a 283 p
|
| 942 |
|
|
|c BK
|
| 945 |
|
|
|d 20170303 17:35:00
|a arojas
|
| 260 |
|
|
|a Ciudad de México
|b Limusa
|c 2005
|
| 650 |
|
0 |
|a Comunicación organizacional
|9 312644
|
| 650 |
|
0 |
|a Cultura de la organización
|9 463742
|
| 650 |
|
0 |
|a Clima organizacional
|9 383014
|
| 583 |
|
|
|a last modification
|c 20170307 02:29:47
|k Rodrigo Vera
|
| 999 |
|
|
|c 367161
|d 367159
|
| 952 |
|
|
|0 0
|1 0
|3 erb
|4 0
|6 658_450000000000000_LIB_2005
|7 0
|8 A
|9 481853
|a BIBENE
|b BIBENE
|i 5329116
|o 658.45 LIB 2005
|p 5329116
|r 2025-01-15
|w 2019-11-24
|y BK
|z Catalogado en:20170303
|k ICO
|